• 首页
  • 本馆介绍
  • 公告通知
  • 最新文献
  • 馆藏检索
  • 电子资源
  • 读者导购
  • 参考咨询
  • 我的图书馆
  • 登录
  • 详细信息显示
  • 放入我的书架
  • 预约/预借图书
  • 作者相关作品
  • 分类相关作品
  • 丛书相关作品
  • 出版社相关作品

书目信息

  • 表格格式
  • 工作单格式
  • 卡片格式
题名:
河北城市发展史
    
 
作者: 徐纯性 主编
分册:  
出版信息: 石家庄   河北教育出版社  1991
页数: 509页
开本: 20cm
丛书名:
单 册:
中图分类: F299.271
科图分类:
主题词: 城市发展--cheng shi fa zhan--研究--河北省 , CT--S903631--城市发展--cheng shi fa zhan
电子资源:
ISBN: 7-5434-1107-5
000 00813nam0 2200265 450
000 00776nam0 2200253 450
000 00834nam0 2200253 45
001 0193032114
005 20150323081925.21
010    @a7-5434-1107-5@dCNY7.50
100    @a19930731d1991 em y0chiy0121 ea
101 0  @achi
102    @aCN@b130000
105    @ay e 001yy
106    @ar
200 10 @a河北城市发展史@Ahe bei cheng shi fa zhan shi@f徐纯性主编
210    @a石家庄@c河北教育出版社@d1991
215    @a509页@d20cm
606 0  @a城市发展@Acheng shi fa zhan@x研究@y河北省
606 0  @2CT@3S903631@a城市发展@Acheng shi fa zhan
690    @aF299.271@v4
701  0 @a徐纯性@Axu chun xing@4主编
801  0 @aCN@bNLC@c19930731
905    @b0847816@dF299.271@e1190@f1
    
    河北城市发展史/徐纯性主编.-石家庄:河北教育出版社,1991
    509页;20cm
    
    
    ISBN 7-5434-1107-5:CNY7.50
    
●
相关链接 在E读中查询图书 在五车中查询图书 在当当中查询图书 在豆瓣中查询图书


正题名:河北城市发展史     索取号:F299.271/1190         预约/预借

序号 登录号 条形码 馆藏地/架位号 状态 备注
1 0847816   208478164   地方文献典藏中心/ [索取号:F299.271/1190] 在馆    
唐山师范学院图书馆 欢迎您!
大连网信软件有限公司© 版权所有